[Event "UT Dallas vs USA Juniors"]
[Site "Richardson USA"]
[Date "2015.03.18"]
[Round "9.5"]
[White "Kadric, Denis"]
[Black "Sevian, Samuel"]
[Result "1/2-1/2"]
[WhiteTitle "IM"]
[BlackTitle "GM"]
[WhiteElo "2500"]
[BlackElo "2531"]
[WhiteTeam "UTD team"]
[BlackTeam "USAJr team"]
[WhiteFideId "14403803"]
[BlackFideId "2040506"]
[EventDate "2015.03.13"]

1. e4 e5 2. Nf3 Nc6 3. Bc4 Bc5 4. O-O Nf6 5. d3 O-O 6. Nbd2 d6 7. c3 Ne7 8. Bb3
Ng6 9. h3 c6 10. Nc4 Bb6 11. Nxb6 axb6 12. Re1 Re8 13. d4 h6 14. c4 exd4 15.
Qxd4 c5 16. Qd3 Bd7 17. Nh2 Bc6 18. f3 Nh5 19. Be3 Re6 20. Qd2 Qe7 21. Ng4 Re8
22. Bc2 Ne5 23. b3 Nf6 24. Nh2 Qc7 25. a4 Bd7 26. Bf2 Nc6 27. Rad1 Nh5 28. Ng4
Qc8 29. e5 Nb4 30. Bb1 Qb8 31. exd6 Rxe1+ 32. Bxe1 Qd8 33. Nxh6+ Kf8 34. Ng4 f5
35. Ne3 Qf6 36. Bf2 Re5 37. Nf1 Qg6 38. g4 Nc6 39. Ng3 Nxg3 40. Bxg3 Nd4 41.
Qxd4 cxd4 42. Bxe5 Qh6 43. Bxd4 Qxh3 44. Bxf5 Qg3+ 45. Kf1 Qxf3+ 46. Ke1 Bxf5
47. gxf5 Qe4+ 48. Kf1 Qf3+ 49. Ke1 Qe4+ 50. Kf1 Qc2 51. Ke1 Qe4+ 1/2-1/2

[Event "UT Dallas vs USA Juniors"]
[Site "Richardson USA"]
[Date "2015.03.19"]
[Round "10.1"]
[White "Sevian, Samuel"]
[Black "Kritz, Leonid"]
[Result "1-0"]
[WhiteTitle "GM"]
[BlackTitle "GM"]
[WhiteElo "2531"]
[BlackElo "2583"]
[WhiteTeam "USAJr team"]
[BlackTeam "UTD team"]
[WhiteFideId "2040506"]
[BlackFideId "4653530"]
[EventDate "2015.03.13"]

1. e4 d5 2. exd5 Qxd5 3. Nc3 Qa5 4. d4 Nf6 5. Bc4 Bg4 6. Ne2 c6 7. f3 Bd7 8. Bd2
Qd8 9. Bg5 h6 10. Bh4 Bf5 11. O-O g5 12. Bf2 e6 13. Ng3 Bg6 14. Bd3 Bxd3 15.
Qxd3 Nbd7 16. Nge4 Nh5 17. Ne2 f5 18. N4g3 Ng7 19. d5 cxd5 20. Nd4 Nc5 21. Qe2
f4 22. Nh5 Qe7 23. Nxg7+ Bxg7 24. Rae1 Kf7 25. Nf5 Qc7 26. Nxg7 Kxg7 27. Bd4+ 1-0

[Event "UT Dallas vs USA Juniors"]
[Site "Richardson USA"]
[Date "2015.03.19"]
[Round "10.2"]
[White "Yang, Darwin"]
[Black "Iotov, Valentin"]
[Result "1/2-1/2"]
[WhiteTitle "IM"]
[BlackTitle "GM"]
[WhiteElo "2478"]
[BlackElo "2579"]
[WhiteTeam "USAJr team"]
[BlackTeam "UTD team"]
[WhiteFideId "2029111"]
[BlackFideId "2906074"]
[EventDate "2015.03.13"]

1. Nf3 Nf6 2. g3 d5 3. Bg2 c6 4. O-O Bg4 5. d4 e6 6. Nbd2 Nbd7 7. Re1 Be7 8. e4
O-O 9. c3 c5 10. e5 Ne8 11. dxc5 Nxc5 12. Nb3 Nc7 13. Qd4 Ne4 14. Nfd2 f5 15. f3
Nxd2 16. Bxd2 Bh5 17. Qf2 Qd7 18. Be3 a5 19. a4 b5 20. axb5 a4 21. Nd4 Nxb5 22.
Ra2 Rfc8 23. Bf1 Nxd4 24. Bxd4 Qb7 25. Rea1 Be8 26. Bd3 Bb5 27. Bxb5 Qxb5 28. b4
Bd8 29. Kg2 Rc6 30. Qf1 Rc4 31. Qf2 h6 32. h4 Ra6 33. Qc2 Bb6 1/2-1/2

[Event "UT Dallas vs USA Juniors"]
[Site "Richardson USA"]
[Date "2015.03.19"]
[Round "10.3"]
[White "Xiong, Jeffery"]
[Black "Margvelashvili, Giorgi"]
[Result "0-1"]
[WhiteTitle "IM"]
[BlackTitle "GM"]
[WhiteElo "2473"]
[BlackElo "2531"]
[WhiteTeam "USAJr team"]
[BlackTeam "UTD team"]
[WhiteFideId "2047640"]
[BlackFideId "13602926"]
[EventDate "2015.03.13"]

1. e4 e5 2. Nf3 Nf6 3. Nxe5 d6 4. Nf3 Nxe4 5. Nc3 Nxc3 6. dxc3 Be7 7. Be3 Nc6 8.
Qd2 Be6 9. O-O-O Qd7 10. Kb1 Bf6 11. h3 O-O-O 12. Nd4 Nxd4 13. Bxd4 Be5 14. f4
c5 15. Be3 Bf6 16. Be2 Rhe8 17. b3 Qc7 18. Bf3 Qa5 19. c4 Bc3 20. Qd3 Bxc4 21.
Qxc4 Rxe3 22. Rd3 Rxd3 23. Qxd3 g6 24. Rd1 Bd4 25. Qd2 Qxd2 26. Rxd2 Be3 27. Re2
Bxf4 28. Re7 Rd7 29. Rxd7 Kxd7 30. Bxb7 Ke6 31. c4 Ke5 32. Kc2 Kd4 33. Bd5 f6
34. Bg8 h6 35. h4 Ke3 36. Bf7 Bg3 37. Bxg6 Bxh4 38. Bf5 Bg3 39. Bg4 Bf2 40. Bh5
f5 41. Bg6 f4 42. Bh5 Bg3 43. Bf3 Bh4 44. Bh5 Bf6 45. Bf3 Be5 46. Bh5 Kf2 47.
Kd3 Kxg2 48. Ke2 Kg3 49. Bf3 Kh4 50. Kf1 Kg5 51. Kg2 h5 52. Bc6 Bc3 53. Kf3 Kf5
54. Be8 h4 55. Bd7+ Ke5 56. Kg4 Be1 57. Bc6 Bg3 0-1

[Event "UT Dallas vs USA Juniors"]
[Site "Richardson USA"]
[Date "2015.03.19"]
[Round "10.4"]
[White "Chandra, Akshat"]
[Black "Holt, Conrad"]
[Result "1-0"]
[WhiteTitle "IM"]
[BlackTitle "GM"]
[WhiteElo "2459"]
[BlackElo "2530"]
[WhiteTeam "USAJr team"]
[BlackTeam "UTD team"]
[WhiteFideId "25006711"]
[BlackFideId "2034387"]
[EventDate "2015.03.13"]

1. e4 e6 2. d4 d5 3. Nd2 Be7 4. Ngf3 Nf6 5. e5 Nfd7 6. Bd3 c5 7. c3 Nc6 8. O-O
a5 9. a4 O-O 10. Re1 cxd4 11. cxd4 Nb4 12. Bb1 Qc7 13. Nf1 Ra6 14. Ra3 h6 15.
Bf4 Rc6 16. N3d2 f5 17. Rg3 Rf7 18. Bxh6 Bh4 19. Rh3 gxh6 20. Rxh4 Rh7 21. Re3
Nf8 22. Rg3+ Kh8 23. Qh5 Qe7 24. Rgh3 Rc1 25. Rc3 Rxc3 26. bxc3 Nc6 27. c4 Bd7
28. Rh3 Nxd4 29. Rd3 Nc6 30. cxd5 Nxe5 31. Re3 Qf6 32. dxe6 Bxe6 33. Qe2 Nc6 34.
Nf3 Rc7 35. Qd2 Bf7 36. Re1 f4 37. h3 Kg7 38. N1h2 Rd7 39. Qc1 h5 40. Qc5 Ne6
41. Qc2 Kf8 42. Qc1 Ned4 43. Nxd4 Rxd4 44. Re4 Qd6 45. Bc2 Bd5 46. Re1 Qc5 47.
Qb2 Qb4 48. Qa1 Qd2 49. Bg6 h4 50. Qb1 Ne7 51. Bh5 Rb4 52. Qa1 Rb2 53. Re2 Qxe2
54. Bxe2 Rxe2 55. Qf6+ Ke8 56. Ng4 f3 57. gxf3 Nc6 58. Kg2 Kd7 59. Qxh4 Kc7 60.
Ne3 Bb3 61. Qh7+ Kb8 62. Qd3 Rb2 63. Qc3 Rb1 64. h4 Bxa4 65. h5 Rb5 66. h6 Rg5+
67. Ng4 Rh5 68. Qg7 Bc2 69. Nf6 Rb5 70. Ne4 1-0

[Event "UT Dallas vs USA Juniors"]
[Site "Richardson USA"]
[Date "2015.03.19"]
[Round "10.5"]
[White "Troff, Kayden W"]
[Black "Kadric, Denis"]
[Result "1/2-1/2"]
[WhiteTitle "GM"]
[BlackTitle "IM"]
[WhiteElo "2532"]
[BlackElo "2500"]
[WhiteTeam "USAJr team"]
[BlackTeam "UTD team"]
[WhiteFideId "2047896"]
[BlackFideId "14403803"]
[EventDate "2015.03.13"]

1. d4 d6 2. Nf3 g6 3. c4 Bg7 4. Nc3 e5 5. dxe5 dxe5 6. Qxd8+ Kxd8 7. e4 f6 8.
Be2 Be6 9. O-O Nd7 10. Rd1 c6 11. b4 Bf8 12. b5 Kc7 13. a4 a5 14. bxc6 bxc6 15.
Be3 Bh6 16. Rac1 Bxe3 17. fxe3 Rc8 18. Nd5+ Kb8 19. c5 cxd5 20. exd5 Bf5 21. c6
Ne7 22. cxd7 Rxc1 23. Rxc1 Bxd7 24. Bb5 Bxb5 25. Rb1 Kc7 26. Rxb5 Nf5 27. e4 Nd6
28. Rc5+ Kb7 29. Nd2 Rc8 30. Rxc8 Kxc8 31. Kf2 Kc7 32. Ke3 Kb6 33. Kd3 Kc5 34.
Kc3 f5 35. Nb3+ Kb6 36. exf5 gxf5 37. Nd2 h5 38. Nb3 h4 39. Kd3 Ne4 40. Kc4 Nd6+
41. Kd3 Ne4 42. Kc4 h3 43. gxh3 f4 1/2-1/2